Revista Universitaria : (Record no. 21745)

000 -CABECERA
fixed length control field 02113nam a22003377a 4500
003 - IDENTIFICADOR DEL NÚMERO DE CONTROL
control field AR-CdUCM
008 - DATOS DE LONGITUD FIJA--INFORMACIÓN GENERAL
fixed length control field 190425b ||||| |||| 00| 0 spa d
040 ## - FUENTE DE LA CATALOGACIÓN
Agencia/entidad que catalogó originalmente la obra MUNICIPALIDAD PROVINCIAL DEL CUSCO
Entidad que transcribió la catalogación BIBLIOTECA MUNICIPAL DEL CUSCO
082 ## - NÚMERO DE LA CLASIFICACIÓN DECIMAL DEWEY
No. de Clasificación Rev.Univ/N°90,91/1946
Notacion interna Rev.Univ/N°90,91/1946
110 ## - ENTRADA PRINCIPAL--NOMBRE DE ENTIDAD CORPORATIVA
Nombre de la institución, jurisdicción como entrada principal Universidad Nacional de San Antonio Abad del Cusco
9 (RLIN) 15942
245 ## - MENCIÓN DE TÍTULO
Título Revista Universitaria :
Resto del título Órgano de la Universidad del Cuzco /
260 ## - PUBLICACIÓN, DISTRIBUCIÓN, ETC.
Lugar de publicación, distribución, etc. Cusco :
Nombre de la editorial, distribuidor, etc. H.G. Rozas,
Fecha de publicación, distribución, etc. 1946.
300 ## - DESCRIPCIÓN FÍSICA
Nº de Páginas Extensión 252 páginas. :
Otros detalles físicos ilustraciones ;
Dimensiones 20 cm.
440 ## - MENCIÓN DE SERIE/PUNTO DE ACCESO ADICIONAL--TÍTULO
Título Revista Universitaria
Número de la parte/sección de una obra Año XXXV, 1°y 2° semestre 1946, N°90,91.
9 (RLIN) 45942
505 ## - NOTA DE CONTENIDO CON FORMATO
Nota de contenido formateada Contenido: Nuestra organización judicial, discurso de orden pronunciado por José M. Garrido Mendívil en apertura al año académico de 1946. -- El CCL Aniversario de la Universidad de San Antonio Abad del Cuzco. Julián Santisteban Ochoa. -- Huakaypata la plaza mayor del viejo Cuzco. Jorge Cornejo Bouroncle. -- Algunas observaciones antropométricas en los campesinos de Anta. Sergio A Quevedo. -- Homenaje a la Universidad Nacional del Cuzco, discurso pronunciado por Roberto Garmendia en el seno del Rotary Club. -- John Dewey y su influencia en la educación peruana. José Gabriel Callo. -- El arte peruano conferencia de Felipe Cossío del Pomar. -- Cuadro de autoridades, personal administrativo y docente e instituciones estudiantiles de la Universidad Nacional del Cuzco. -- Crónica.
650 ## - PUNTO DE ACCESO ADICIONAL DE MATERIA--TÉRMINO DE MATERIA
Descriptor Universidad Nacional de San Antonio Abad del Cusco
9 (RLIN) 15944
650 ## - PUNTO DE ACCESO ADICIONAL DE MATERIA--TÉRMINO DE MATERIA
Descriptor Huacaypata
9 (RLIN) 45943
650 ## - PUNTO DE ACCESO ADICIONAL DE MATERIA--TÉRMINO DE MATERIA
Descriptor Ambientes urbanos
9 (RLIN) 34658
650 ## - PUNTO DE ACCESO ADICIONAL DE MATERIA--TÉRMINO DE MATERIA
Descriptor Plaza mayor del Cusco
9 (RLIN) 45944
650 ## - PUNTO DE ACCESO ADICIONAL DE MATERIA--TÉRMINO DE MATERIA
Descriptor Educación peruana
9 (RLIN) 3585
650 ## - PUNTO DE ACCESO ADICIONAL DE MATERIA--TÉRMINO DE MATERIA
Descriptor Arte peruano
9 (RLIN) 5992
650 ## - PUNTO DE ACCESO ADICIONAL DE MATERIA--TÉRMINO DE MATERIA
Descriptor Siglo XX
9 (RLIN) 45945
700 ## - PUNTO DE ACCESO ADICIONAL--NOMBRE DE PERSONA
Nombre Personal Santiesteban Ochoa, Julián
9 (RLIN) 29993
700 ## - PUNTO DE ACCESO ADICIONAL--NOMBRE DE PERSONA
Nombre Personal Cornejo Bouroncle, Jorge
9 (RLIN) 15278
700 ## - PUNTO DE ACCESO ADICIONAL--NOMBRE DE PERSONA
Nombre Personal Santisteban Ochoa, Julián
9 (RLIN) 29993
700 ## - PUNTO DE ACCESO ADICIONAL--NOMBRE DE PERSONA
Nombre Personal Cossío del Pomar, Felipe
9 (RLIN) 2452
710 ## - PUNTO DE ACCESO ADICIONAL--NOMBRE DE ENTIDAD CORPORATIVA
Nombre corporativo (En letras Mayúsculas) Universidad Nacional de San Antonio Abad del Cusco
9 (RLIN) 15942
942 ## - ELEMENTOS DE PUNTO DE ACCESO ADICIONAL (KOHA)
Fuente de clasificación
Tipo de item Revistas cusqueñas
945 ## - PROCESAMIENTO DE INFORMACIÓN LOCAL (OCLC)
Catalogador rac
Holdings
Estado de retiro (separado) Fuente de clasificación o esquema de estanterías Estado dañado Ubicación Sala donde se ubica Nombre de la colección Fecha de adquisición o compra Costo, precio normal en soles Signatura topográfica Código de Barras Última vez visto (Koha) Tipo de ítem (Koha)
No     Sala Hemeroteca Sala Hemeroteca Book Cart 2021-05-03 10.00 Rev.Univ/N°90,91/1946 REVC000112 2021-05-03 Revistas cusqueñas
No     Sala Hemeroteca Sala Hemeroteca Book Cart 2021-05-03 10.00 Rev.Univ/N°90,91/1946/e.2 REVC000113 2021-05-03 Revistas cusqueñas
No     Sala Hemeroteca Sala Hemeroteca Book Cart 2021-05-03 10.00 Rev.Univ/N°90,91/1946/e.3 REVC000114 2021-05-03 Revistas cusqueñas

Powered by Koha